Val de descompte : 4 € 4 €
Descripción Física:
1 val de descompte : 16 x 6 cm
Materias:
Palau Güell (Barcelona)
Idioma:
Catalán
MARC
| LEADER | 00000nam a22000007a 4500 | ||
|---|---|---|---|
| 001 | 25875 | ||
| 008 | 220610b spa||||| |||| 00| 0 cat d | ||
| 080 | |a NBM-13-230 | ||
| 110 | 2 | |a Palau Güell (Barcelona) |9 17034 | |
| 245 | |a Val de descompte : |b 4 € | ||
| 260 | |a Barcelona : |b Palau Güell, |c 2013 | ||
| 300 | |a 1 val de descompte : |c 16 x 6 cm | ||
| 500 | |a Val de descompte aplicable del 17 de setembre de 2013 al 30 de març de 2014 | ||
| 610 | 2 | 0 | |a Palau Güell (Barcelona) |9 17034 |
| 942 | |2 udc |c ARXIU |n 1 | ||
| 952 | |0 0 |1 0 |4 0 |6 NBM13230 |7 1 |9 62334 |a Arxiu |b Arxiu |d 2022-06-10 |l 0 |o NBM-13-230 |p 25875 |r 2022-06-10 00:00:00 |w 2022-06-10 |y ARXIU | ||
| 999 | |c 81994 |d 81994 | ||